000 00634nam a22002057a 4500
999 _c7676
_d7676
003 AR-CdUCM
008 190321b ||||| |||| 00| 0 spa d
040 _aMUNICIPALIDAD PROVINCIAL DEL CUSCO
_cBIBLIOTECA MUNICIPAL DEL CUSCO
082 _a869.56 /
_bB73
100 _aBonet Rodríguez, Hugo
_94683
245 _aPunta punta karaho qatqa qollana karaho :
_bQosqo teatro /
260 _aCusco :
_bEdiciones Qosqo,
_c1998.
300 _a183 páginas ;
_c21 cm.
500 _aContiene partiduras musicales.
650 _aTeatro peruano
_92697
650 _aCusco
_9772
650 _aSiglo XX
_98
942 _2ddc
_cLIBROS
945 _azta